[Event "PNWCC-Bulgaria Memorial Day"]
[Site "Chess.com INT"]
[Date "2022.05.30"]
[Round "?"]
[White "Kodarapu, Ishaan"]
[Black "Dereshki, Dario"]
[Result "0-1"]
[WhiteElo "1641"]
[BlackElo "2052"]
[PlyCount "82"]
[EventDate "2022.05.28"]
[EventType "team-match"]
[EventRounds "6"]
[EventCountry "USA"]
[SourceTitle "EXT 2024"]
[Source "ChessBase"]
[SourceDate "2023.10.10"]
[SourceVersion "1"]
[SourceVersionDate "2023.10.10"]
[SourceQuality "1"]
[WhiteTeam "PNWCC"]
[BlackTeam "Bulgaria"]
[WhiteTeamCountry "USA"]
[BlackTeamCountry "BUL"]

1. c4 Nf6 2. g3 g6 3. Bg2 Bg7 4. Nc3 0-0 5. e4 c5 6. Nge2 Nc6 7. 0-0 e6 8. d3 a6 9. Be3 b6 10. a3 Qe7 11. Rb1 Rb8 12. Qa4 Ne5 13. f4 Nfg4 14. Bd2 b5 15. cxb5 axb5 16. Qc2 b4 17. Na4 b3 18. Qxc5 d6 19. Qc3 Nf3+ 20. Bxf3 Bxc3 21. Naxc3 Qa7+ 22. d4 e5 23. Bxg4 Bxg4 24. Be3 Rfc8 25. Rbc1 Bxe2 26. Nxe2 Rxc1 27. Rxc1 Qa6 28. Kf2 Rc8 29. Rxc8+ Qxc8 30. dxe5 dxe5 31. fxe5 Qc2 32. Bd4 Qxe4 33. Bc3 h5 34. h4 Kh7 35. Nf4 Qc2+ 36. Kf3 Qxc3+ 37. bxc3 b2 38. c4 b1Q 39. c5 Qb3+ 40. Ke4 Qc4+ 41. Kf3 Qxc5 0-1

[Event "PNWCC-Bulgaria Memorial Day"]
[Site "Chess.com INT"]
[Date "2022.05.28"]
[Round "2"]
[White "Dereshki, Dario"]
[Black "Damarcus, Thomas"]
[Result "1-0"]
[WhiteElo "2052"]
[BlackElo "1697"]
[PlyCount "79"]
[EventDate "2022.05.28"]
[EventType "team-match"]
[EventRounds "6"]
[EventCountry "USA"]
[SourceTitle "EXT 2024"]
[Source "ChessBase"]
[SourceDate "2023.10.10"]
[SourceVersion "1"]
[SourceVersionDate "2023.10.10"]
[SourceQuality "1"]
[WhiteTeam "Bulgaria"]
[BlackTeam "PNWCC"]
[WhiteTeamCountry "BUL"]
[BlackTeamCountry "USA"]

1. d4 Nf6 2. c4 e6 3. Nf3 Bb4+ 4. Nbd2 c5 5. a3 Qa5 6. Rb1 Bxd2+ 7. Bxd2 Qb6 8. dxc5 Qxc5 9. Bb4 Qf5 10. Nd4 Qe5 11. Nb5 Ne4 12. Qd3 a6 13. Qxe4 Qxe4 14. Nd6+ Kd8 15. Nxe4 a5 16. Bc5 Na6 17. Bd4 f6 18. Nxf6 Ke7 19. Nh5 d6 20. Bxg7 Rg8 21. Rd1 e5 22. Bf6+ Kf7 23. h3 Be6 24. e4 Nc5 25. f3 Raf8 26. Rxd6 Kg6 27. Bxe5 Kxh5 28. b4 Rg5 29. f4 Rxe5 30. fxe5 axb4 31. axb4 Nxe4 32. Rxe6 Kg5 33. Bd3 Nf2 34. h4+ Kg4 35. Be2+ Kg3 36. Rf6 Ra8 37. Rf3+ Kxg2 38. Rxf2+ Kxh1 39. Bf3+ Kg1 40. Rg2+ 1-0

[Event "Sofia MGU op 200th"]
[Site "Sofia"]
[Date "2017.12.30"]
[Round "2"]
[White "Ginev, Nikola"]
[Black "Dereshki, Dario"]
[Result "0-1"]
[WhiteElo "1743"]
[BlackElo "2074"]
[PlyCount "88"]
[EventDate "2017.12.30"]
[EventType "swiss"]
[EventRounds "6"]
[EventCountry "BUL"]
[SourceTitle "CBM 182 Extra"]
[Source "ChessBase"]
[SourceDate "2018.02.23"]
[SourceVersion "1"]
[SourceVersionDate "2018.02.23"]
[SourceQuality "1"]

1. Nf3 d5 2. g3 Nf6 3. Bg2 c5 4. d3 Nc6 5. 0-0 e5 6. Nbd2 Be7 7. e4 0-0 8. c3 h6 9. Qe2 dxe4 10. dxe4 Be6 11. Nc4 Qc7 12. a4 b6 13. Nh4 Rfd8 14. Nf5 Bf8 15. f4 Bxc4 16. Qxc4 Na5 17. Qe2 Nb3 18. Rb1 g6 19. fxe5 Nxc1 20. Rbxc1 Qxe5 21. Ne3 Nh7 22. Rcd1 Bg7 23. Rxd8+ Rxd8 24. Rd1 Re8 25. Ng4 Qe6 26. Nf2 Ng5 27. Qd3 h5 28. Qd7 Qe7 29. Qc6 Rd8 30. Rxd8+ Qxd8 31. Qd5 Qe7 32. Nd3 Ne6 33. h3 Qc7 34. Kf2 c4 35. Nc1 h4 36. Ne2 hxg3+ 37. Nxg3 Qf4+ 38. Bf3 Ng5 39. e5 Bxe5 40. Nf1 Nxh3+ 41. Kg2 Ng5 42. Nd2 Qg3+ 43. Kf1 Nh3 44. Ke2 Nf4+ 0-1

[Event "Pleven op 3rd"]
[Site "Pleven"]
[Date "2016.10.07"]
[Round "1"]
[White "Dereshki, Dario"]
[Black "Ilieva, Nikol"]
[Result "1-0"]
[WhiteElo "2126"]
[BlackElo "1605"]
[PlyCount "72"]
[EventDate "2016.10.07"]
[EventType "swiss"]
[EventRounds "7"]
[EventCountry "BUL"]
[SourceTitle "EXT 2017"]
[Source "ChessBase"]
[SourceDate "2016.10.25"]
[SourceVersion "1"]
[SourceVersionDate "2016.10.25"]
[SourceQuality "1"]

1. d4 Nf6 2. c4 g6 3. Nc3 Bg7 4. e4 0-0 5. Nf3 d6 6. Be2 Nbd7 7. 0-0 e5 8. Re1 Ne8 9. d5 a5 10. b3 Nc5 11. a3 f5 12. Bf1 Nf6 13. exf5 Bxf5 14. Bb2 e4 15. Nd4 Ng4 16. Nxf5 gxf5 17. h3 Ne5 18. b4 axb4 19. axb4 Rxa1 20. Bxa1 Ncd3 21. Bxd3 Nxd3 22. Re3 Qh4 23. Rg3 Nxf2 24. Rxg7+ Kxg7 25. Nxe4+ Kf7 26. Nxf2 Re8 27. Bc3 Re3 28. Bd4 Rg3 29. Kh2 Qf4 30. Kg1 Qg5 31. Qf1 Qd2 32. Qa1 Qg5 33. Kh1 Rxg2 34. Qf1 Rg3 35. Ne4 Qg6 36. Nxg3 Qxg3 1-0

[Event "Dyuni op 2nd"]
[Site "Dyuni"]
[Date "2016.09.05"]
[Round "7"]
[White "Dereshki, Dario"]
[Black "Kralevski, Aleksander"]
[Result "1-0"]
[WhiteElo "2051"]
[BlackElo "2130"]
[PlyCount "117"]
[EventDate "2016.09.02"]
[EventType "swiss"]
[EventRounds "7"]
[EventCountry "BUL"]
[SourceTitle "CBM 174 Extra"]
[Source "ChessBase"]
[SourceDate "2016.10.10"]
[SourceVersion "1"]
[SourceVersionDate "2016.10.10"]
[SourceQuality "1"]

1. d4 d5 2. Nf3 Nf6 3. c4 c6 4. e3 e6 5. Nc3 Nbd7 6. Qc2 Bd6 7. g4 h6 8. h3 Qe7 9. Bd2 a6 10. c5 Bc7 11. b4 e5 12. Be2 Nh7 13. dxe5 Nxe5 14. Nd4 g6 15. e4 Nf6 16. exd5 Nxd5 17. Nxd5 cxd5 18. 0-0-0 Nc6 19. Nxc6 bxc6 20. Bc3 0-0 21. Bd3 Be5 22. Rhe1 Qg5+ 23. Kb1 Bxc3 24. Qxc3 Rb8 25. Qd4 a5 26. a3 axb4 27. axb4 Bd7 28. f4 Qd8 29. b5 cxb5 30. Bxg6 Ra8 31. Bc2 Qa5 32. Bb3 Rfe8 33. Rxe8+ Rxe8 34. Bxd5 Bc8 35. Bc6 Re1 36. Rxe1 Qxe1+ 37. Kb2 Qe2+ 38. Kc3 Qe1+ 39. Kc2 Qe2+ 40. Kc1 Be6 41. Bd5 Bxd5 42. Qxd5 b4 43. Qd8+ Kh7 44. Qd2 Qf1+ 45. Kb2 Qxh3 46. Qxb4 Qxg4 47. Qc4 Kg8 48. c6 Kf8 49. c7 Qc8 50. Qc5+ Ke8 51. Qc6+ Kf8 52. Qxh6+ Ke7 53. Qc6 f5 54. Ka3 Kf7 55. Ka4 Ke7 56. Ka5 Kf7 57. Kb6 Ke7 58. Ka7 Kf7 59. Qb7 1-0

[Event "Teteven op 31st"]
[Site "Teteven"]
[Date "2016.08.21"]
[Round "9"]
[White "Arnaudov, Petar"]
[Black "Dereshki, Dario"]
[Result "0-1"]
[WhiteElo "1989"]
[BlackElo "2004"]
[PlyCount "70"]
[EventDate "2016.08.13"]
[EventType "swiss"]
[EventRounds "9"]
[EventCountry "BUL"]
[SourceTitle "CBM 173 Extra"]
[Source "ChessBase"]
[SourceDate "2016.08.29"]
[SourceVersion "1"]
[SourceVersionDate "2016.08.29"]
[SourceQuality "1"]

1. e4 c6 2. Nc3 d5 3. Nf3 Bg4 4. h3 Bxf3 5. Qxf3 d4 6. Nb1 Nd7 7. d3 e5 8. g4 Bb4+ 9. Nd2 Qb6 10. Rb1 Qc5 11. Qd1 Qe7 12. a3 Ba5 13. b4 Bc7 14. Nf3 a5 15. c4 dxc3 16. Qb3 axb4 17. axb4 Ngf6 18. Qxc3 0-0 19. Be2 Ra2 20. Bd1 Bb6 21. 0-0 Qd6 22. Bb3 Ra7 23. Be3 Re8 24. Qc4 Re7 25. Ng5 Bxe3 26. fxe3 b5 27. Qc3 h6 28. Nf3 c5 29. bxc5 Nxc5 30. Nh4 Rec7 31. Rfd1 Ncxe4 32. Qe1 Nc3 33. Nf3 Qb6 34. g5 hxg5 35. Qg3 Ne2+ 0-1

[Event "Pleven op 2nd"]
[Site "Pleven"]
[Date "2015.10.18"]
[Round "7"]
[White "Georgiev, Nikolay Zh"]
[Black "Dereshki, Dario"]
[Result "0-1"]
[WhiteElo "1582"]
[BlackElo "1981"]
[PlyCount "32"]
[EventDate "2015.10.17"]
[EventType "swiss"]
[EventRounds "7"]
[EventCountry "BUL"]
[SourceTitle "CBM 168 Extra"]
[Source "ChessBase"]
[SourceDate "2015.10.29"]
[SourceVersion "1"]
[SourceVersionDate "2015.10.29"]
[SourceQuality "1"]

1. e4 c6 2. d4 d5 3. exd5 cxd5 4. c4 Nf6 5. Nc3 g6 6. Bg5 dxc4 7. Bxf6 exf6 8. Bxc4 Be7 9. Nge2 0-0 10. 0-0 Nc6 11. Qd2 Bg4 12. f3 Bf5 13. Rfd1 Rc8 14. Bb3 Qb6 15. Nd5 Qa6 16. Nxe7+ Nxe7 0-1

[Event "Sofia ChessBomb op 1st"]
[Site "Sofia"]
[Date "2015.08.01"]
[Round "2"]
[White "Dereshki, Dario"]
[Black "Ivanov, Iliyan V"]
[Result "1/2-1/2"]
[WhiteElo "1940"]
[BlackElo "1577"]
[PlyCount "72"]
[EventDate "2015.08.01"]
[EventType "swiss"]
[EventRounds "6"]
[EventCountry "BUL"]
[SourceTitle "EXT 2016"]
[Source "ChessBase"]
[SourceDate "2015.10.08"]
[SourceVersion "1"]
[SourceVersionDate "2015.10.08"]
[SourceQuality "1"]

1. d4 d5 2. Nf3 Nf6 3. Bf4 e6 4. e3 Nbd7 5. Bd3 b6 6. c3 c5 7. Nbd2 c4 8. Bc2 Bb7 9. Ne5 Be7 10. Qf3 b5 11. g4 Nxe5 12. Bxe5 Bd6 13. Bg3 Bxg3 14. hxg3 Nd7 15. Bxh7 g6 16. Rh4 Qf6 17. a4 Qxf3 18. Nxf3 bxa4 19. Ne5 Nxe5 20. dxe5 Kf8 21. Ke2 Kg7 22. Bxg6 Kxg6 23. Rxa4 a6 24. Rb4 Bc6 25. Rb6 Bb5 26. f4 Rhb8 27. f5+ Kg7 28. f6+ Kg6 29. Rxb8 Rxb8 30. Kf3 Ba4 31. Rh2 Kg5 32. Rh5+ Kg6 33. Rh2 Kg5 34. Rh5+ Kg6 35. Rh2 Kg5 36. Rh5+ Kg6 1/2-1/2

[Event "EU-ch U16"]
[Site "Prague"]
[Date "2012.08.23"]
[Round "7"]
[White "Navratil, Jiri2222"]
[Black "Dereshki, Dario"]
[Result "1/2-1/2"]
[WhiteElo "2066"]
[BlackElo "1938"]
[PlyCount "67"]
[EventDate "2012.08.17"]
[EventType "swiss"]
[EventRounds "9"]
[EventCountry "CZE"]
[SourceTitle "CBM 150 Extra"]
[Source "ChessBase"]
[SourceDate "2012.10.19"]
[SourceVersion "1"]
[SourceVersionDate "2012.10.19"]
[SourceQuality "1"]

1. e4 c6 2. d4 d5 3. Nd2 dxe4 4. Nxe4 Nd7 5. Nf3 Ngf6 6. Ng3 e6 7. Bd3 Be7 8. 0-0 0-0 9. Re1 c5 10. c3 b6 11. Qe2 Re8 12. Ne5 Bd6 13. Ne4 Bxe5 14. dxe5 Nxe5 15. Nxf6+ gxf6 16. Bxh7+ Kxh7 17. Qe4+ f5 18. Qxe5 Rg8 19. Bf4 Bb7 20. g3 Qd5 21. Qxd5 Bxd5 22. Re3 f6 23. Rd3 c4 24. Rd2 Rg7 25. Kf1 Rd8 26. Rad1 Rgd7 27. Re1 Kg6 28. b3 Rc8 29. b4 Rcd8 30. Be3 Rc8 31. Bf4 Rcd8 32. Be3 Rc8 33. Bf4 Rcd8 34. Be3 1/2-1/2

[Event "EU-ch U16"]
[Site "Prague"]
[Date "2012.08.21"]
[Round "5"]
[White "Machan, Jan"]
[Black "Dereshki, Dario"]
[Result "1-0"]
[WhiteElo "2055"]
[BlackElo "1938"]
[PlyCount "79"]
[EventDate "2012.08.17"]
[EventType "swiss"]
[EventRounds "9"]
[EventCountry "CZE"]
[SourceTitle "CBM 150 Extra"]
[Source "ChessBase"]
[SourceDate "2012.10.19"]
[SourceVersion "1"]
[SourceVersionDate "2012.10.19"]
[SourceQuality "1"]

1. Nf3 d5 2. g3 Nf6 3. Bg2 c5 4. 0-0 Nc6 5. d4 e6 6. c4 dxc4 7. Ne5 Nxe5 8. dxe5 Nd5 9. Qa4+ Bd7 10. Qxc4 b5 11. Qg4 h5 12. Qe4 Rc8 13. Rd1 Qc7 14. Bg5 Bc6 15. Nc3 Be7 16. Nxd5 exd5 17. Qf5 g6 18. Qf4 Rd8 19. Bf6 Bxf6 20. Qxf6 0-0 21. Rac1 c4 22. e6 Rd6 23. exf7+ Rxf7 24. Qd4 Rff6 25. Qc5 Kh7 26. Bxd5 Qb6 27. Qxb6 axb6 28. e4 Rf8 29. Bg8+ Rxg8 30. Rxd6 Bxe4 31. Re1 Bd3 32. Re7+ Kh6 33. h4 b4 34. Rxb6 c3 35. bxc3 bxc3 36. Rc7 c2 37. Rbb7 Rg7 38. Rxg7 c1Q+ 39. Kh2 g5 40. hxg5+ 1-0

[Event "Varna op 6th"]
[Site "Varna"]
[Date "2012.07.14"]
[Round "4"]
[White "Dereshki, Dario"]
[Black "Savenkov, Konstantin"]
[Result "1/2-1/2"]
[WhiteElo "1930"]
[BlackElo "2162"]
[PlyCount "65"]
[EventDate "2012.07.11"]
[EventType "swiss"]
[EventRounds "9"]
[EventCountry "BUL"]
[SourceTitle "CBM 149 Extra"]
[Source "ChessBase"]
[SourceDate "2012.08.24"]
[SourceVersion "1"]
[SourceVersionDate "2012.08.24"]
[SourceQuality "1"]

1. d4 e6 2. c4 b6 3. Nf3 Bb7 4. a3 Nf6 5. Nc3 Ne4 6. Qc2 f5 7. e3 Be7 8. b4 d6 9. Bb2 Nd7 10. Rd1 0-0 11. d5 Nxc3 12. Bxc3 e5 13. e4 f4 14. h4 Bc8 15. Be2 Nf6 16. c5 Ng4 17. Qd2 Re8 18. Bxe5 Nxe5 19. Nxe5 dxe5 20. d6 Be6 21. dxe7 Qxe7 22. Qc3 Bf7 23. Bb5 Red8 24. 0-0 f3 25. g3 Rab8 26. Rxd8+ Rxd8 27. cxb6 cxb6 28. Qxf3 Rf8 29. Qd3 Kh8 30. Qd7 Qf6 31. Qf5 Qd6 32. Qd7 Qf6 33. Qf5 1/2-1/2

[Event "Varna op 6th"]
[Site "Varna"]
[Date "2012.07.12"]
[Round "2"]
[White "Dereshki, Dario"]
[Black "Stojanov, Stanislav"]
[Result "0-1"]
[WhiteElo "1930"]
[BlackElo "2300"]
[PlyCount "40"]
[EventDate "2012.07.11"]
[EventType "swiss"]
[EventRounds "9"]
[EventCountry "BUL"]
[SourceTitle "CBM 149 Extra"]
[Source "ChessBase"]
[SourceDate "2012.08.24"]
[SourceVersion "1"]
[SourceVersionDate "2012.08.24"]
[SourceQuality "1"]

1. d4 Nf6 2. c4 g6 3. Nc3 Bg7 4. e4 d6 5. Bd3 0-0 6. Nge2 Nc6 7. 0-0 Nd7 8. Be3 e5 9. d5 Nd4 10. Bxd4 exd4 11. Nb5 Nc5 12. Nbxd4 Qe7 13. Qc2 Re8 14. f3 f5 15. Rad1 fxe4 16. fxe4 Nxe4 17. Bxe4 Qxe4 18. Qxe4 Rxe4 19. b3 Bg4 20. Rd2 Bh6 0-1